Loading...
Other - Other Academic | 1 | 3 | 1 | 2 | 40 | 34 | 93.00 | 1 | 2 |
Science - Physics | 0 | 4 | 2 | 1 | 30 | 82 | 107.75 | 2 | 4 |
History - Other History | 0 | 3 | 0 | 1 | 30 | 69 | 102.33 | 1 | 2 |
History - American History | 2 | 0 | 1 | 0 | 25 | 36 | 36.50 | 1 | 2 |
Science - Engineering | 1 | 0 | 0 | 0 | 15 | 28 | 28.00 | 1 | 1 |
History - World History | 1 | 0 | 0 | 0 | 15 | 51 | 51.00 | 1 | 1 |
History - American History | 1 | 0 | 0 | 0 | 15 | 59 | 59.00 | 0 | 0 |
Science - Chemistry | 0 | 2 | 1 | 0 | 15 | 108 | 126.00 | 0 | 2 |
Beliefs - Mythology | 0 | 1 | 0 | 0 | 10 | 102 | 102.00 | 0 | 1 |
Science - Other Science | 0 | 1 | 0 | 0 | 10 | 110 | 110.00 | 0 | 1 |
Arts - Music | 0 | 1 | 0 | 0 | 10 | 103 | 103.00 | 0 | 1 |
History - Euro History | 0 | 1 | 0 | 0 | 10 | 105 | 105.00 | 0 | 0 |
Science - Physics | 0 | 1 | 0 | 0 | 10 | 87 | 87.00 | 1 | 1 |
Other - Pop Culture | 0 | 1 | 0 | 0 | 10 | 85 | 85.00 | 1 | 1 |
Thought - Social Science | 0 | 1 | 1 | 1 | 5 | 119 | 119.00 | 0 | 0 |
Beliefs - Religion | 0 | 1 | 1 | 0 | 5 | 113 | 113.00 | 0 | 0 |
History - Euro History | 0 | 1 | 1 | 0 | 5 | 82 | 82.00 | 0 | 1 |
Science - Biology | 0 | 1 | 1 | 0 | 5 | 104 | 104.00 | 0 | 1 |
Science - Other Science | 0 | 2 | 4 | 0 | 0 | 79 | 90.00 | 1 | 2 |
Other - Geo/CE | 0 | 1 | 2 | 0 | 0 | 82 | 82.00 | 0 | 1 |
Beliefs - Mythology | 0 | 0 | 1 | 0 | -5 | 0.00 | 0 | 0 |